[Event "DEN-ch rapid U1900"]
[Site "Fredericia"]
[Date "2016.09.25"]
[Round "2"]
[White "Ladefoged, Simon Degnbol"]
[Black "Christiansen, Lars"]
[Result "1-0"]
[WhiteElo "1790"]
[BlackElo "1700"]
[PlyCount "57"]
[EventDate "2016.09.25"]
[EventType "swiss (rapid)"]
[EventRounds "7"]
[EventCountry "DEN"]
[SourceTitle "EXT 2018"]
[Source "ChessBase"]
[SourceDate "2017.10.13"]
[SourceVersion "1"]
[SourceVersionDate "2017.10.13"]
[SourceQuality "1"]

1. e4 Nc6 2. Nf3 f5 3. exf5 d5 4. d4 Bxf5 5. Bd3 Bg4 6. c3 e6 7. Bf4 Bd6 8. Bg3 Nf6 9. Nbd2 0-0 10. Qc2 Ne7 11. 0-0-0 Rc8 12. Rde1 c5 13. dxc5 Rxc5 14. Nb3 Rc8 15. Ng5 h6 16. Nxe6 Bxe6 17. Rxe6 Bxg3 18. hxg3 Nc6 19. Kb1 d4 20. Bc4 Kh8 21. Rd1 Ng4 22. Re2 Nge5 23. Nxd4 Nxd4 24. Rxd4 Qa5 25. Bb3 Nc6 26. Rd7 Nb4 27. Qg6 Qf5+ 28. Qxf5 Rxf5 29. cxb4 1-0

[Event "Vojens Sonderjysk EMT A"]
[Site "Vojens"]
[Date "2015.06.01"]
[Round "5"]
[White "Ladefoged, Simon Degnbol"]
[Black "Andersen, Christian Nors"]
[Result "1/2-1/2"]
[WhiteElo "1751"]
[BlackElo "1916"]
[PlyCount "69"]
[EventDate "2015.04.27"]
[EventType "tourn"]
[EventRounds "7"]
[EventCountry "DEN"]
[SourceTitle "EXT 2023"]
[Source "ChessBase"]
[SourceDate "2022.10.05"]
[SourceVersion "1"]
[SourceVersionDate "2022.10.05"]
[SourceQuality "1"]

1. e4 c5 2. Nf3 Nc6 3. c3 d5 4. exd5 Qxd5 5. Na3 Nf6 6. Bc4 Qe4+ 7. Qe2 Qxe2+ 8. Bxe2 a6 9. Nc2 e5 10. d3 h6 11. Be3 Bf5 12. 0-0 Be7 13. h3 0-0 14. Rad1 Rfd8 15. Na3 b5 16. d4 exd4 17. cxd4 cxd4 18. Nxd4 Nxd4 19. Bxd4 Rac8 20. Bb6 Rxd1 21. Rxd1 Bxa3 22. bxa3 Rc2 23. Bf1 Rxa2 24. g4 Bg6 25. f4 Rxa3 26. f5 Bxf5 27. gxf5 b4 28. Rd8+ Kh7 29. Bc4 Rf3 30. Bd4 a5 31. Bxf6 gxf6 32. Rd7 Rf4 33. Ba2 a4 34. Rxf7+ Kh8 35. Rf8+ 1/2-1/2